000 00789nam a2200217 a 4500
001 000028654
005 20200930055047.0
008 110209s2008 sp a e 000 0 spa d
020 _a8449424429
040 _aDO-SdBNP
_bspa
_cBNPHU
082 _aR 615.503
_bE56, 2008
240 1 4 _aThe gale encyclopedia of alternative medicine
_lespañol
245 0 0 _aEnciclopedia de las medicinas alternativas /
_cdirectoras editoriales Kristine Krapp y Jacqueline L. Longe.
260 _aBarcelona, España :
_bOceano,
_c2008.
300 _aviii, 1568 p. :
_bil. ;.
500 _aTraducido del inglés
650 4 _aMedicina alternativa
_xEnciclopedias
_951358
700 1 2 _aKrapp, Kristine,
_eed.
_951359
700 1 2 _aLonge, Jacqueline L.,
_eed.
_951360
910 _aValidado. Control de calidad MFF
999 _c28146
_d28146